Oman in time : a nation's history /

محفوظ في:

مؤلف مشترك: Omán. Wizārat al-Iʻlām

التنسيق: كتاب

اللغة: English

منشور في: Oman : Ministry of Information, Sultanate of Oman, [2001].

الموضوعات:

الوسوم: إضافة وسم

لا توجد وسوم, كن أول من يضع وسما على هذه التسجيلة!

رقم الطلب: DS247 .O65 O43 2001

LEADER 00899namaa2200241 4500
001 22787
003 OSt
005 20211215132113.0
008 130303s2001 mk ab g 000 0 eng d
952 |0 0  |1 0  |2 lcc  |4 0  |6 DS0247 O65 O43 02001  |7 1  |9 23832  |a ARCE  |b ARCE  |d 2021-12-15  |l 0  |o DS247 .O65 O43 2001  |p 1014625  |r 2021-12-15 00:00:00  |w 2021-12-15  |y BK 
999 |c 22535  |d 22535 
040 |c ARCE Library 
043 |a a-mk--- 
050 4 |a DS247 .O65 O43 2001 
110 1 |a Omán.  |b Wizārat al-Iʻlām,  |9 23384 
245 1 0 |a Oman in time :   |b a nation's history /   |c Wizārat al-Iʻlām. 
264 1 |a Oman :   |b Ministry of Information, Sultanate of Oman,   |c [2001]. 
300 |a 95 pages :   |b illustrations (some color), maps (some color) ;   |c 26 cm. 
504 |a Includes bibliographical references (p. [96]). 
651 0 |a Oman  |x Description and travel. 
651 0 |a Oman  |x History. 
901 |a reviewed 
942 |c BK  |2 lcc